Eidos – Religio – Logos. Теология в творчестве молодых (Запись № 13504681)

Подробности
000 -МАРКЕР
контрольное поле 03237nam0a2200421 4500
001 - ИДЕНТИФИКАТОР ЗАПИСИ
контрольное поле RU\NLR\BIBL_A\022614812
005 - ИДЕНТИФИКАТОР ВЕРСИИ
контрольное поле 20251215141915.0
010 ## - МЕЖДУНАРОДНЫЙ СТАНДАРТНЫЙ НОМЕР КНИГИ (ISBN)
Номер (ISBN) 978-5-9929-1774-1
Тираж 500
021 ## - НОМЕР ГОСУДАРСТВЕННОЙ РЕГИСТРАЦИИ
Код страны Российская Федерация
Номер КН-П-25-041288
Номер Листа государственной регистраци КН-П-25-4020
035 ## - ДРУГИЕ СИСТЕМНЫЕ НОМЕРА
Идентификатор записи (NLR Aleph) 022614812
100 ## - ДАННЫЕ ОБЩЕЙ ОБРАБОТКИ
Данные общей обработки 20250904d2025 k y0rusy50 ca
101 0# - ЯЗЫК РЕСУРСА
Язык текста, звукозаписи и т.д. русский
Язык резюме английский
102 ## - СТРАНА ПУБЛИКАЦИИ ИЛИ ПРОИЗВОДСТВА
Страна публикации Российская Федерация
105 ## - ПОЛЕ КОДИРОВАННЫХ ДАННЫХ: ТЕКСТОВЫЕ МАТЕРИАЛЫ, МОНОГРАФИЧЕСКИЕ
Кодированные данные о монографическом текстовом документе a z 110yy
181 #0 - ПОЛЕ КОДИРОВАННЫХ ДАННЫХ: ВИД СОДЕРЖАНИЯ
Код вида содержания (ISBD) i
Код характеристики содержания (ISBD) axxe
182 #0 - ПОЛЕ КОДИРОВАННЫХ ДАННЫХ: ТИП СРЕДСТВА
Код типа средства (ISBD) n - непосредственное
200 1# - ЗАГЛАВИЕ И СВЕДЕНИЯ ОБ ОТВЕТСТВЕННОСТИ
Основное заглавие Eidos – Religio – Logos. Теология в творчестве молодых
Сведения, относящиеся к заглавию сборник студенческих работ по итогам работы секции "Государственно-конфессиональные отношения как сфера профессиональной деятельности теолога" в рамках III Всероссийского форума молодых теологов (Москва – Орел – Белгород, 24–25 октября 2024 г.) и НСО
Первые сведения об ответственности Министерство науки и высшего образования Российской Федерации, Федеральное государственное бюджетное образовательное учреждение высшего образования "Орловский государственный университет имени И. С. Тургенева [и др.]
Последующие сведения об ответственности редакционная коллегия: ... Г. М. Музалевская-Жаркова (ответственный редактор) [и др.]
203 ## - ВИД СОДЕРЖАНИЯ И ТИП СРЕДСТВА
Вид содержания Текст
Дополнительные сведения об издании визуальный
Тип средства непосредственный
210 ## - ПУБЛИКАЦИЯ, РАСПРОСТРАНЕНИЕ И ДР.
Место издания, распространения и т.д. Орел
Имя издателя, распространителя и т. д. ОГУ им. И. С. Тургенева
Дата издания, распространения и т.д. 2025
215 ## - ФИЗИЧЕСКАЯ ХАРАКТЕРИСТИКА
Специфическое обозначение материала и объем 177 с.
Размеры 20
300 ## - ОБЩИЕ ПРИМЕЧАНИЯ
Текст примечания Рез. англ.
300 ## - ОБЩИЕ ПРИМЕЧАНИЯ
Текст примечания На 4-й с. обл.: Сб. посвящен 25-летию создания кафедры теологии, религиоведения и культурных аспектов национальной безопасности ОГУ имени И. С. Тургенева
320 ## - ПРИМЕЧАНИЯ О НАЛИЧИИ В ДОКУМЕНТЕ БИБЛИОГРАФИИ / УКАЗАТЕЛЯ
Текст примечания Библиогр. в конце ст.
601 02 - НАИМЕНОВАНИЕ ОРГАНИЗАЦИИ КАК ПРЕДМЕТ
Начальный элемент ввода Русская православная церковь
Формальный подзаголовок Съезды, совещания и т.п
Тематический подзаголовок Взаимоотношения
-- Государство
Системный номер авторитетной/нормативной записи 2141055
Идентификатор авторитетной/нормативной записи RU\NLR\AUTH\661290461
606 1# - НАИМЕНОВАНИЕ ТЕМЫ КАК ПРЕДМЕТ
Наименование темы Православие и культура
Формальный подзаголовок Съезды, совещания и т.п
Системный номер авторитетной/нормативной записи 2252559
Идентификатор авторитетной/нормативной записи RU\NLR\AUTH\661351044
686 2# - ИНДЕКСЫ ДРУГИХ КЛАССИФИКАЦИЙ
Индекс Э372.24-3-021.5я431
686 2# - ИНДЕКСЫ ДРУГИХ КЛАССИФИКАЦИЙ
Индекс Э372.24-117.3я431
702 #1 - ИМЯ ЛИЦА - ВТОРИЧНАЯ ОТВЕТСТВЕННОСТЬ
Код отношения Редактор
Начальный элемент ввода Музалевская-Жаркова
Часть имени, кроме начального элемента ввода Г. М.
Даты 1981-
Расширение инициалов личного имени Галина Михайловна
Системный номер авторитетной/нормативной записи 140983
Идентификатор авторитетной/нормативной записи RU\NLR\AUTH\770141019
711 12 - НАИМЕНОВАНИЕ ОРГАНИЗАЦИИ - АЛЬТЕРНАТИВНАЯ ОТВЕТСТВЕННОСТЬ
Начальный элемент ввода Всероссийский форум молодых теологов
Порядковый номер временной организации и / или порядковый номер ее части 3
Место проведения временной организации Москва и др.
Дата проведения временной организации 2024
Системный номер авторитетной/нормативной записи 2676109
Идентификатор авторитетной/нормативной записи RU\NLR\AUTH\880630708
712 02 - НАИМЕНОВАНИЕ ОРГАНИЗАЦИИ - ВТОРИЧНАЯ ОТВЕТСТВЕННОСТЬ
Код отношения Издающая организация
Начальный элемент ввода Орловский государственный университет им. И. С. Тургенева
Системный номер авторитетной/нормативной записи 377392
Идентификатор авторитетной/нормативной записи RU\NLR\AUTH\889941274
942 ## - ДОПОЛНИТЕЛЬНЫЕ ЭЛЕМЕНТЫ ЗАПИСИ (АБИС)
Тип экземпляра АБИС Книга
980 ## - КОЛЛЕКЦИЯ
Название коллекции Национальная библиография

Нет доступных экземпляров.